000 03251nkm0a2200481 4500
001 RU\NLR\bibl\2085208
005 20250806203924.0
020 _aRU
_b365[150]
_9ЛЕНИНГРАД В ВЕЛИКОЙ ОТЕЧЕСТВЕННОЙ ВОЙНЕ: Печать Ленинграда, 1941 - 1945: каталог изданий, хранящихся в фондах Государственной Публичной библиотеки, вып.2. Листовки,плакаты,открытки,альбомы/Гос.публ.б-ка им.М.Е.Салтыкова-Щедрина. - Ленинград,1972
035 _a(NLR Aleph) 010196881
090 _a78585
_c78585
100 _a20131108j1944 u y0rusy50 ca
101 0 _arus
102 _aRU
105 _ay z |||||
135 _acrcn 024apaba
200 1 _aБюллетень для печатных газет соединений и кораблей КБФ и для местного радиовещания
_fПолит. упр. Краснознам. Балт. флота
_gотв. ред.: Е. Ковалерчук
_hN° 150
_iГость из Прибалтики
_e(Сценка в одном сокрушительном действии)
_fФлит А.М.
210 _a[Ленинград]
_d1944, окт., 19
215 _a1 л., слож. в 2 с.
_d25х10
225 1 _aУголок юмора
300 _aВ части номеров загл.: Бюллетень для печатных газет соединений и кораблей КБФ
337 _aЭлектронная копия доступна в Электронной библиотеке РНБ
500 1 0 _6z44702
_aГость из Прибалтики: (Сценка в одном сокрушительном действии)
517 1 _aБюллетень для печатных газет соединений и кораблей КБФ
606 1 _aБлокада Ленинграда
_z1941 - 1944
_jЛистовки
_2nlr_sh1
_2nlr_sh2
_3RU\NLR\AUTH\661253360
686 _aТ3(2)722.721,011
702 1 _aКовалерчук
_bЕ. С.
_gЕфим Семенович
_4340
702 1 _6z44500
_aФлит
_bА. М.
_f1892-1954
_gАлександр Матвеевич
_3RU\NLR\auth\77127120
_4070
711 0 2 _aБалтийский флот
_3RU\NLR\AUTH\8810005535
712 0 2 _aБалтийский флот
_bПолитическое управление
_3RU\NLR\AUTH\8810005574
_4570
801 0 _aRU
_bNLR
_c19720101
_gPSBO
801 1 _aRU
_bNLR
_c20131108
_gRCR
852 _aNLR
_bЛ3-330л
_j7/2-32-1944(150)
856 0 _uhttp://vivaldi.nlr.ru/ll000075355/view
856 1 _uhttp://vivaldi.nlr.ru/ll000075355/cover
856 2 _uhttp://vivaldi.nlr.ru/ll000075355/text
901 _eКнижные издания
942 _cVISUAL
945 _aРоссийская национальная библиотека
980 _aBV
981 3 7 _a(37) Ленинград в Великой Отечественной войне
_b(37) Листовки блокадного Ленинграда
981 2 1 _a(21) Листовки
_b(21) Листовки блокадного Ленинграда